100 Biggest Cities in North Dakota on a Map - Statistics

General Stats
  • This quiz has been taken 128 times
  • The average score is 37 of 100
Answers on the Map
Answers color-coded by a green-red scale on the quiz's map according to % correct below.
 
Answer Stats
Population City % Correct
125,990 Fargo
98%
73,622 Bismarck
94%
48,377 Minot
94%
38,626 West Fargo
92%
59,166 Grand Forks
90%
25,679 Dickinson
69%
15,849 Jamestown
69%
29,160 Williston
69%
24,206 Mandan
65%
8,007 Wahpeton
63%
7,192 Devils Lake
56%
6,575 Valley City
50%
5,017 Minot AFB
48%
2,509 Rugby
48%
6,207 Watford City
48%
2,194 Bottineau
46%
512 Pembina
46%
2,479 Casselton
44%
3,085 Horace
44%
2,764 New Town
44%
4,257 Lincoln
42%
981 Beach
40%
1,510 Belcourt
40%
1,470 Bowman
40%
1,246 Cavalier
40%
4,170 Grafton
40%
3,058 Beulah
38%
2,080 Carrington
38%
921 Hankinson
38%
1,649 Hillsboro
38%
1,909 Langdon
38%
2,321 Stanley
38%
1,065 Crosby
35%
1,074 Hettinger
35%
889 Kindred
35%
1,223 Rolla
35%
1,300 Washburn
35%
632 Dunseith
33%
1,125 Ellendale
33%
2,002 Grand Forks AFB
33%
1,650 Harvey
33%
794 Harwood
33%
2,281 Hazen
33%
961 Kenmare
33%
2,204 Lisbon
33%
1,320 Mapleton
33%
653 Mott
33%
1,101 Thompson
33%
2,202 Tioga
33%
1,086 Velva
33%
613 Ashley
31%
1,291 Burlington
31%
1,117 Cando
31%
757 Drayton
31%
881 Enderlin
31%
1,462 Garrison
31%
764 LaMoure
31%
1,071 Linton
31%
1,854 Mayville
31%
749 Napoleon
31%
1,361 New Rockford
31%
973 New Salem
31%
1,798 Oakes
31%
1,424 Park River
31%
740 Ray
31%
784 Underwood
31%
996 Belfield
29%
588 Center
29%
1,160 Fort Totten
29%
732 Glen Ullin
29%
924 Gwinner
29%
939 Killdeer
29%
683 Lakota
29%
694 Mohall
29%
683 New England
29%
982 Northwood
29%
665 Steele
29%
1,357 Surrey
29%
864 Wishek
29%
543 Elgin
27%
509 Forman
27%
1,260 Larimore
27%
600 Lidgerwood
27%
616 Minto
27%
893 Walhalla
27%
718 Wilton
27%
585 Edgeley
25%
949 Parshall
25%
578 Portland
25%
692 Richardton
25%
542 Turtle Lake
25%
864 Cannon Ball
23%
983 Cooperstown
23%
712 Hatton
23%
703 Reile's Acres
23%
794 Hebron
21%
624 Milnor
21%
605 Green Acres
17%
1,146 Shell Valley
15%
691 Mandaree
13%
No matching quizzes found
Score Distribution
Percent of People with Each Score
Percentile by Number Answered
Your Score History
You have not taken this quiz